Those ten months (Record no. 544999)

MARC details
000 -LEADER
fixed length control field 00664nam a2200229Ia 4500
003 - CONTROL NUMBER IDENTIFIER
control field OSt
005 - DATE AND TIME OF LATEST TRANSACTION
control field 20220925203020.0
008 - FIXED-LENGTH DATA ELEMENTS--GENERAL INFORMATION
fixed length control field 220923b |||||||| |||| 00| 0 hin d
037 ## - SOURCE OF ACQUISITION
Terms of availability General Book
040 ## - CATALOGING SOURCE
Original cataloging agency RTL
Transcribing agency RTL
Language of cataloging hin
041 ## - LANGUAGE CODE
Source of code hin
Language code of text/sound track or separate title hin
100 ## - MAIN ENTRY--PERSONAL NAME
Personal name Shriman Narayan
9 (RLIN) 90322
245 #0 - TITLE STATEMENT
Title Those ten months
Remainder of title President's rule in Gujarat
260 ## - PUBLICATION, DISTRIBUTION, ETC.
Place of publication, distribution, etc. Delhi
Name of publisher, distributor, etc. Vikas
Date of publication, distribution, etc. 1973
300 ## - PHYSICAL DESCRIPTION
Extent vi, 204p
Dimensions cm.
650 ## - SUBJECT ADDED ENTRY--TOPICAL TERM
Topical term or geographic name entry element History of Punjab
9 (RLIN) 230383
942 ## - ADDED ENTRY ELEMENTS (KOHA)
Classification part V236:14.N72<--N71, L3
Koha item type General Books
Source of classification or shelving scheme Colon Classification (CC)
Holdings
Withdrawn status Lost status Damaged status Not for loan Home library Current library Date acquired Total Checkouts Full call number Barcode Date last seen Price effective from Koha item type
        Ratan Tata Library Ratan Tata Library 2022-09-25   V236:14.N72<--N71 L3 RT0410262 2022-09-25 2022-09-25 General Books
Copyright @ Delhi University Library System